000
00315nam a2200133Ia 4500
008
191201s2012 xx 000 0 und d
100
_a
HAYKIN,Siman
245
0
_a
Digital Communications
250
_a
Rep
260
_c
2012
_b
Wiley Dreautech India
_a
N. delhi
300
_a
597
650
_a
ECE
942
_2
ddc
_c
BB
_0
4
999
_c
7559
_d
7559